00858 2200265 4500001002100000005001500021035002000036007000300056008004100059020002200100082001000122084001600132100001700148245017400165250001000339260004200349300002300391500007100414650001400485700001800499700002200517504003100539990001100570990001100581INLIS00000000000291920190119112107 a0010-0119000271ta190119 g 0 ind  a978-602-5868-03-0 a153.8 a153.8 WEN d0 aWENDY, Grant1 aDare! A Book for Those who Dare to Change Their Lives :bBerani Berubah karena Hidup Terus Berubah /cWendy Grant; penerjemah, Laila Qadria; penyunting, Zulkarnaen Ishak acet.2 aYogyakarta :bBright Publisher,c2018 a210 hlm. ;c20 cm. aJudul Asli : Dare! A Book for Those who Dare to Change Their Lives aPSIKOLOGI0 aLAILA, Qadria0 aZULKARNAEN, Ishak aBibliografi : hlm. 209-210 a6402 a a6402 b